000 00709nam a2200241Ia 4500
003 OSt
005 20221007082424.0
006 a|||||r|||| 00| 0
007 ta
008 221006b |||||||| |||| 00| 0 eng d
024 _a12,327
037 _cReports / Technical Reports
040 _aFLL
_cFLL
_beng
041 _2eng
_aeng
082 _aV2:91sN77, L8
110 _aGovt. of india
245 0 _aBye-election brochure 1976-1977
_b House of people and legislative assemblies council of states and legislative councils
260 _c1978
300 _a65p
_ccm.
700 _aGovt. of india
942 _hV2:91sN77, L8
_cREP
_2CC
999 _c1166368
_d1166368